African conflicts and informal power : (Record no. 18446)
[ view plain ]
| 000 -LEADER | |
|---|---|
| fixed length control field | 01166cam a2200349 a 4500 |
| 001 - CONTROL NUMBER | |
| control field | 17352684 |
| 005 - DATE AND TIME OF LATEST TRANSACTION | |
| control field | 20141012122418.0 |
| 008 - FIXED-LENGTH DATA ELEMENTS--GENERAL INFORMATION | |
| fixed length control field | 120619t2012 xxk frb 001 0 eng d |
| 010 ## - LIBRARY OF CONGRESS CONTROL NUMBER | |
| LC control number | 2011277694 |
| 020 ## - INTERNATIONAL STANDARD BOOK NUMBER | |
| International Standard Book Number | 9781848138827 |
| 020 ## - INTERNATIONAL STANDARD BOOK NUMBER | |
| International Standard Book Number | 1848138822 |
| 020 ## - INTERNATIONAL STANDARD BOOK NUMBER | |
| International Standard Book Number | 9781848138834 |
| 020 ## - INTERNATIONAL STANDARD BOOK NUMBER | |
| International Standard Book Number | 1848138830 |
| 040 ## - CATALOGING SOURCE | |
| Original cataloging agency | BTCTA |
| Language of cataloging | eng |
| Transcribing agency | BTCTA |
| Modifying agency | YDXCP |
| -- | YDX |
| -- | UKMGB |
| -- | DEBBG |
| -- | BWX |
| -- | YOU |
| -- | CUV |
| -- | DLC |
| -- | EG-ScBUE |
| 043 ## - GEOGRAPHIC AREA CODE | |
| Geographic area code | f------ |
| 082 00 - DEWEY DECIMAL CLASSIFICATION NUMBER | |
| Edition number | 22 |
| Classification number | 303.69096 |
| Item number | AFR |
| 245 00 - TITLE STATEMENT | |
| Title | African conflicts and informal power : |
| Remainder of title | big men and networks / |
| Statement of responsibility, etc | edited by Mats Utas. |
| 260 ## - PUBLICATION, DISTRIBUTION, ETC. (IMPRINT) | |
| Place of publication, distribution, etc | London ; |
| -- | New York, United States : |
| Name of publisher, distributor, etc | Zed Books Ltd, |
| Date of publication, distribution, etc | c.2012. |
| 300 ## - PHYSICAL DESCRIPTION | |
| Extent | vii, 255 p. ; |
| Dimensions | 24 cm. |
| 490 1# - Series Statement | |
| Series statement | Africa Now |
| 500 ## - GENERAL NOTE | |
| General note | Index : p. 251-255. |
| 504 ## - BIBLIOGRAPHY, ETC. NOTE | |
| Bibliography, etc | Includes bibliographical reference. |
| 650 #0 - SUBJECT ADDED ENTRY--TOPICAL TERM | |
| Topical term or geographic name as entry element | Conflict management |
| Geographic subdivision | Africa |
| 9 (RLIN) | 36194 |
| 651 #0 - SUBJECT ADDED ENTRY--GEOGRAPHIC NAME | |
| Geographic name | Africa |
| General subdivision | History |
| 9 (RLIN) | 36195 |
| 651 #0 - SUBJECT ADDED ENTRY--GEOGRAPHIC NAME | |
| Geographic name | Africa |
| General subdivision | Politics and government |
| Chronological subdivision | 1960- |
| 9 (RLIN) | 36196 |
| 653 ## - INDEX TERM--UNCONTROLLED | |
| Resource For college | BAEPS, Political Science |
| Arrived date list | October2014 |
| 655 ## - INDEX TERM--GENRE/FORM | |
| Form subdivision | |
| -- | 33728 |
| 700 1# - ADDED ENTRY--PERSONAL NAME | |
| Personal name | Utas, Mats |
| 9 (RLIN) | 36197 |
| Relator term | editor. |
| 710 ## - ADDED ENTRY--CORPORATE NAME | |
| Corporate name or jurisdiction name as entry element | Nordiska Afrikainstitutet |
| 9 (RLIN) | 36198 |
| 830 #0 - SERIES ADDED ENTRY--UNIFORM TITLE | |
| Uniform title | Africa now (Zed Books) |
| 942 ## - ADDED ENTRY ELEMENTS (KOHA) | |
| Source of classification or shelving scheme | Dewey Decimal Classification |
| Call number prefix | 303.69096 AFR |
| Withdrawn status | Item status | Source of classification or shelving scheme | Damaged status | Not for loan | Vendor | Home library | Current library | Shelving location | Date acquired | Source of acquisition | Cost, normal purchase price | Total Checkouts | Full call number | Barcode | Date last seen | Cost, replacement price | Koha item type | Total Renewals | Date last borrowed |
|---|---|---|---|---|---|---|---|---|---|---|---|---|---|---|---|---|---|---|---|
| Dewey Decimal Classification | Baccah | Central Library | Central Library | First floor | 12/10/2014 | 240.00 | 303.69096 AFR | 000036583 | 15/07/2025 | 300.00 | NB - Book (Non borrowing) | ||||||||
| Dewey Decimal Classification | Baccah | Central Library | Central Library | First floor | 12/10/2014 | 240.00 | 2 | 303.69096 AFR | 000036584 | 15/07/2025 | 300.00 | Book - Borrowing | 4 | 06/03/2018 | |||||
| Dewey Decimal Classification | Baccah | Central Library | Central Library | First floor | 12/10/2014 | 240.00 | 3 | 303.69096 AFR | 000036585 | 15/07/2025 | 300.00 | Book - Borrowing | 23/03/2022 | ||||||
| Dewey Decimal Classification | Baccah | Central Library | Central Library | First floor | 12/10/2014 | 240.00 | 303.69096 AFR | 000036586 | 15/07/2025 | 300.00 | Book - Borrowing | ||||||||
| Dewey Decimal Classification | Baccah | Central Library | Central Library | First floor | 12/10/2014 | 240.00 | 303.69096 AFR | 000036587 | 15/07/2025 | 300.00 | Book - Borrowing | ||||||||
| Dewey Decimal Classification | Baccah | Central Library | Central Library | First floor | 12/10/2014 | 240.00 | 2 | 303.69096 AFR | 000036588 | 15/07/2025 | 300.00 | Book - Borrowing | 2 | 11/10/2016 | |||||
| Dewey Decimal Classification | Baccah | Central Library | Central Library | First floor | 12/10/2014 | 240.00 | 2 | 303.69096 AFR | 000036589 | 15/07/2025 | 300.00 | Book - Borrowing | 35 | 09/10/2016 | |||||
| Dewey Decimal Classification | Baccah | Central Library | Central Library | First floor | 12/10/2014 | 240.00 | 303.69096 AFR | 000036590 | 15/07/2025 | 300.00 | Book - Borrowing |